000 00906cam a2200193 4500
001 WS114601
008 010917n 000 0 eng u
035 _a(Sirsi) u114601
110 _aUnited Kingdom
_bPlanning Inspectorate
_92192
245 _aPlanning Portal Programme
520 _aWeb site for this Planning Inspectorate scheme to build an internet portal to be a general planning advisory service linking the public, business and other users of the planning system to access a wide range of advice, guidance and services on planning and related topics. This project is currently at the development stage.
650 _aPLANNING INSPECTORATE
650 _aADVICE
650 _aGUIDANCE
650 _aINTERNET
690 _aPLANNING LAW AND PRACTICE
856 4 0 _uhttps://www.planningportalprogramme.gov.uk
_zView the website free of charge at www.planningportalprogramme.gov.uk...
942 _n0
999 _c119882
_d119882